Βρυκόλακες
Saved in:
| Main Author: | |
|---|---|
| Other Authors: | |
| Format: | Book |
| Language: | Greek Norwegian |
| Published: |
Αθήνα :
Δωδώνη,
1984.
|
| Series: | Παγκόσμιο θέατρο (Δωδώνη)
46 |
| Subjects: | |
| Tags: |
Add Tag
No Tags, Be the first to tag this record!
|
MARC
| LEADER | 00000cam a2200000 i 4500 | ||
|---|---|---|---|
| 001 | 1/33606 | ||
| 008 | 960805s1984 gr | ||| |||| ||gre|| | ||
| 020 | |a 9602482303 | ||
| 035 | |1 ΕΛΗ |a 1996 |b 2607 |c ΒΙΒΛΙΟΘΗΚΗ |l 10039413 | ||
| 040 | |a GR-MY-UA |b gre |e aacr | ||
| 041 | 1 | |a gre |h nor | |
| 082 | 0 | |a 839.822 | |
| 100 | 1 | |a Ibsen, Henrik |d 1828-1906. | |
| 245 | 1 | 0 | |a Βρυκόλακες / |c Ερρίκου Ιψεν ; μετάφραση Γ. Ν. Πολίτης ; πρόλογος Φώτος Πολίτης. |
| 260 | |a Αθήνα : |b Δωδώνη, |c 1984. | ||
| 300 | |a 121 σ. ; |c 21 εκ. | ||
| 490 | 1 | |a (Παγκόσμιο θέατρο / Δωδώνη ; |v 46) | |
| 500 | |a Τίτλος πρωτοτύπου: Gengangere | ||
| 650 | 0 | 0 | |a Norwegian drama. |
| 700 | 1 | |a Πολίτης, Γ. Ν. |e trl | |
| 830 | 0 | |a Παγκόσμιο θέατρο (Δωδώνη) |v 46 | |
| 852 | |a INST |b SAMOS |e 19960805 |h 839.822 IBS |p 005300008370 |q 005300008370 |t BK |y 0 | ||
| 909 | |a Σ |b 049858 | ||